[Event "IECC CL2-1999.20"]
[Site "IECC email"]
[Date "1999.06.11"]
[Round "?"]
[White "Huff, Alfred"]
[Black "Salai, Josip"]
[Result "0-1"]
[WhiteElo "2071"]
[BlackElo "2027"]
[PlyCount "40"]
[EventDate "1999.??.??"]
[EventType "tourn (corr)"]
[EventRounds "4"]
[SourceTitle "Corr 2008"]
[Source "ChessBase"]
[SourceDate "2008.06.24"]
[SourceVersion "1"]
[SourceVersionDate "2008.06.24"]
[SourceQuality "1"]

1. e4 c5 2. Nf3 d6 3. d4 cxd4 4. Nxd4 Nf6 5. Nc3 e6 6. Be2 Be7 7. 0-0 0-0 8. Be3 Nc6 9. Re1 a6 10. a3 Qc7 11. f4 Bd7 12. Bf3 Rac8 13. Qe2 Na5 14. Bf2 Nc4 15. Nd1 e5 16. Nf5 Bxf5 17. b3 Nxa3 18. Rxa3 d5 19. Ra4 dxe4 20. Rc4 exf3 0-1